Star Trek deep space nine : prisoners of peace

Bibliographic Details
Main Author: Peel, John
Other Authors: Hamilton, Todd Cameron (illustrated)
Format: Book
Published: New York : Pocket Books , 1994
Subjects:

MARC

LEADER 00000cam a2200000 7i4500
001 0000009346
002 000010176
005 20000330.0
020 |a 0671882880 
090 0 0 |a JF   |b PEE 
100 1 |a Peel, John 
245 1 0 |a Star Trek deep space nine :   |b prisoners of peace   |c John Peel 
260 |a New York :   |b Pocket Books ,   |c 1994 
300 |a 111p. :   |b ill. ;   |c 18cm. 
650 0 0 |a Science fiction 
700 1 |a Hamilton, Todd Cameron ,   |e illustrated 
999 |a 041944   |b BUKU   |c PINJAMAN   |e PERPUSTAKAAN KOMUNITI PETALING JAYA